000
00181 a2200097 4500
020
_a
997849035
041
_a
spa
100
_a
Anonimo
245
_a
El poema del mio cid
942
_c
BK
999
_c
28893
_d
28893